书目信息 |
| 题名: |
基础工程
|
|
| 作者: | 莫海鸿 , 杨小平 主编 ;华南理工大学 , 湖南大学 , 浙江大学 编 | |
| 分册: | ||
| 出版信息: | 北京 中国建筑工业出版社 2008.09 |
|
| 页数: | 391页 | |
| 开本: | 23cm | |
| 丛书名: | ||
| 单 册: | ||
| 中图分类: | TU47 | |
| 科图分类: | ||
| 主题词: | 地基--基础(工程)--高等教育--教材 | |
| 电子资源: | ||
| ISBN: | 978-7-112-10222-8 | |
| 000 | 01090nam0 2200289 450 | |
| 001 | 1242089285 | |
| 005 | 20181218092524.72 | |
| 010 | @a978-7-112-10222-8@dCNY39.00 | |
| 100 | @a20080925d2008 y0chiy0110 ea | |
| 101 | 0 | @achi |
| 102 | @aCN@b110000 | |
| 105 | @aak z 000yy | |
| 200 | 1 | @a基础工程@9ji chu gong cheng@f莫海鸿,杨小平主编@g华南理工大学,浙江大学,湖南大学编 |
| 205 | @a2版 | |
| 210 | @a北京@c中国建筑工业出版社@d2008.09 | |
| 215 | @a391页@c图表@d23cm | |
| 300 | @a面向21世纪课程教材 普通高等教育土建学科专业“十一五”规划教材 高校土木工程专业指导委员会规划推荐教材 | |
| 330 | @a主要内容包括:绪论、浅基础、连续基础、桩基础、地基处理、土工合成材料、挡土墙、基坑工程、特殊土地基、动力机器基础与地基基础抗震等。 | |
| 606 | 0 | @a地基@x基础(工程)@x高等教育@j教材 |
| 690 | @aTU47@v4 | |
| 701 | 0 | @a莫海鸿@9mo hai hong@4主编 |
| 701 | 0 | @a杨小平@9yang xiao ping@4主编 |
| 712 | 02 | @a华南理工大学@9Hua Nan Li Gong Da Xue@4编 |
| 712 | 02 | @a湖南大学@9HU NAN DA XUE@4编 |
| 712 | 02 | @a浙江大学@9zhe jiang da xue@4编 |
| 801 | 0 | @aCN@bSG11@c20080926 |
| 905 | @aZUCC@dTU47@eM8521=2 | |
| 基础工程/莫海鸿,杨小平主编/华南理工大学,浙江大学,湖南大学编.-2版.-北京:中国建筑工业出版社,2008.09 |
| 391页:图表;23cm |
| 面向21世纪课程教材 普通高等教育土建学科专业“十一五”规划教材 高校土木工程专业指导委员会规划推荐教材 |
| ISBN 978-7-112-10222-8:CNY39.00 |
| 主要内容包括:绪论、浅基础、连续基础、桩基础、地基处理、土工合成材料、挡土墙、基坑工程、特殊土地基、动力机器基础与地基基础抗震等。 |
| ● |
| 相关链接 |
|
|
|
正题名:基础工程
索取号:TU47/M8521=2
 
预约/预借
| 序号 | 登录号 | 条形码 | 馆藏地/架位号 | 状态 | 备注 |
| 1 | 1282285 | 212822855 | 建筑库101/101建筑库 96排4列3层/ [索取号:TU47/M8521=2] | 在馆 | |
| 2 | 1301169 | 213011694 | 建筑库101/101建筑库 96排4列3层/ [索取号:TU47/M8521=2] | 在馆 | |
| 3 | 485521 | 204855219 | 土木与交通工程学院资料室/ [索取号:TU47/M8521=2] | 在馆 | |
| 4 | 488574 | 204885749 | 自科二线404/404自科库 26排1列4层/ [索取号:TU47/M8521=2] | 在馆 | |
| 5 | 488575 | 204885758 | 建筑库101/101建筑库 96排4列3层/ [索取号:TU47/M8521=2] | 在馆 | |
| 6 | 488576 | 204885767 | 建筑库101/101建筑库 96排4列3层/ [索取号:TU47/M8521=2] | 在馆 | |
| 7 | 488691 | 204886917 | 自科二线404/404自科库 26排1列4层/ [索取号:TU47/M8521=2] | 在馆 |